Aborto (Registro nro. 25294)

Detalles MARC
000 -LEADER
fixed length control field 00345 a2200121 4500
001 - CONTROL NUMBER
control field ART_10760
005 - DATE AND TIME OF LATEST TRANSACTION
control field 20260410161854.0
008 - FIXED-LENGTH DATA ELEMENTS--GENERAL INFORMATION
fixed length control field 260409a
100 1# - MAIN ENTRY--PERSONAL NAME
Personal name Rodriguez Pería, María Eugenia
245 10 - TITLE STATEMENT
Title Aborto
700 1# - ADDED ENTRY--PERSONAL NAME
Personal name Kandus, Cecilia
773 0# - HOST ITEM ENTRY
Title Derecho privado
Related parts Bioderecho - Año I, Nº 1 (mayo 2012)
Record control number REV10455

No hay ítems disponibles.